000 00787nam a2200229Ia 4500
003 PE SENCICO BE
005 20251020182535.0
008 200515s9999 xx ao 000 0 und d
020 _a84-8076-077-X
040 _aPE SENCICO BE
_cPE SENCICO BE
082 _a72.019
_bA91
100 1 _aAves, Melanie
_919
245 1 0 _aEl color en el interiorismo /
_cMelanie Aves, Jhon Aves
260 _aBarcelona:
_bBlume,
_c1994
300 _a165 p.:
_bil. col., fotog.;
_c23 cm.
520 _aColores primarios, colores secundarios, colores pastel, neutros, modificar el color, etc.
650 1 0 _aArtes visuales
_917
650 2 0 _aArquitectura de interiores
_98
650 2 0 _aColor en la arquitectura
_930
700 1 _920
_aAves, Jhon
942 _cLIB
_2ddc
_h72.019
_iA91
999 _c2206
_d2206